| 000 | 00455nam a22001457a 4500 | ||
|---|---|---|---|
| 005 | 20140128124847.0 | ||
| 008 | 140128b xxu||||| |||| 00| 0 eng d | ||
| 050 |
_aLC331. _bH645 1990 |
||
| 100 |
_aHill, Brian V. _97133 |
||
| 245 |
_aThat they may learn _btowards a Christian view of education _cHill, Brian V. |
||
| 260 |
_aDevon _bThe Paternoster Press _c1990 |
||
| 300 |
_aix, 150p.; _c22cm. |
||
| 700 |
_aHill, Brian V. _97134 |
||
| 942 |
_2lcc _cMONOGRAPH |
||
| 999 |
_c119720 _d119720 |
||